Islam & Christianity : (Record no. 7391)
[ view plain ]
| 000 -LEADER | |
|---|---|
| fixed length control field | 00582cam a2200193 a 4500 |
| 001 - CONTROL NUMBER | |
| control field | 15583768 |
| 005 - DATE AND TIME OF LATEST TRANSACTION | |
| control field | 20250828145553.0 |
| 008 - FIXED-LENGTH DATA ELEMENTS--GENERAL INFORMATION | |
| fixed length control field | 090112s2009 flu b 000 0 eng d |
| 020 ## - INTERNATIONAL STANDARD BOOK NUMBER | |
| International Standard Book Number | 9780882706115 |
| 020 ## - INTERNATIONAL STANDARD BOOK NUMBER | |
| International Standard Book Number | 088270611X |
| 050 00 - LIBRARY OF CONGRESS CALL NUMBER | |
| Classification number | BP172 |
| Item number | .G377 2009 |
| 100 1# - MAIN ENTRY--PERSONAL NAME | |
| Personal name | Gauss, James F. |
| 245 00 - TITLE STATEMENT | |
| Title | Islam & Christianity : |
| Remainder of title | a revealing contrast / |
| Statement of responsibility, etc. | James F. Gauss. |
| 260 ## - PUBLICATION, DISTRIBUTION, ETC. | |
| Place of publication, distribution, etc. | Alachua, Fla. : |
| Name of publisher, distributor, etc. | Bridge-Logos, |
| Date of publication, distribution, etc. | c2009. |
| 300 ## - PHYSICAL DESCRIPTION | |
| Extent | xxi, 389 p. |
| Dimensions | 23 cm. |
| 650 #0 - SUBJECT ADDED ENTRY--TOPICAL TERM | |
| Topical term or geographic name entry element | Islam |
| General subdivision | Relations |
| -- | Christianity. |
| 650 #0 - SUBJECT ADDED ENTRY--TOPICAL TERM | |
| Topical term or geographic name entry element | Christianity and other religions |
| General subdivision | Islam. |
| 942 ## - ADDED ENTRY ELEMENTS (KOHA) | |
| Source of classification or shelving scheme | Library of Congress Classification |
| Koha item type | Books |
| Suppress in OPAC | No |
| 999 ## - | |
| -- | 7391 |
| -- | 7391 |
| Withdrawn status | Lost status | Source of classification or shelving scheme | Damaged status | Not for loan | Collection | Home library | Current library | Shelving location | Date acquired | Total checkouts | Full call number | Barcode | Date last seen | Copy number | Price effective from | Koha item type |
|---|---|---|---|---|---|---|---|---|---|---|---|---|---|---|---|---|
| Library of Congress Classification | Non-fiction | Undergraduate Library (Christ Temple) | Undergraduate Library (Christ Temple) | General stacks | 08/28/2025 | BP 172.G377 GAU | ulct00004518 | 08/28/2025 | 1 | 08/28/2025 | Books |